000 00265nam a2200109Ia 4500
008 200302s9999 xx 000 0 und d
100 _aKurt Anderson
245 _aRealistic Oil Painting Techniques
260 _bNorth Light Books
260 _c1995
300 _a133 P.,
999 _c1331
_d1331